Elements of mathematical foundation-II (Record no. 357467)
[ view plain ]
| 000 -LEADER | |
|---|---|
| fixed length control field | 00516 a2200205 4500 |
| 005 - DATE & TIME | |
| control field | 20241211112319.0 |
| 008 - FIXED-LENGTH DATA ELEMENTS--GENERAL INFORMATION | |
| fixed length control field | 241211b |||||||| |||| 00| 0 eng d |
| 020 ## - ISBN | |
| International Standard Book Number | 9788190953894 |
| Price | Rs. 285.00 |
| 040 ## - CATALOGING SOURCE | |
| Original cataloging agency | VIVEKANANDA LIBRARY |
| 082 ## - DDC NUMBER | |
| Classification number | 510 |
| Book Number | J199E |
| 100 ## - MAIN ENTRY--PERSONAL NAME | |
| Personal name | Jain, M. L. |
| 245 ## - TITLE STATEMENT | |
| Title | Elements of mathematical foundation-II |
| 260 ## - PUBLICATION, DISTRIBUTION, ETC. (IMPRINT) | |
| Name of publisher, distributor, etc | Jeevansons publications |
| Place of publication, distribution, etc | New Delhi |
| Date of publication, distribution, etc | n.d |
| 300 ## - PHYSICAL DESCRIPTION | |
| Pages | v. |
| 650 ## - Subject | |
| Subject | Mathematics |
| 700 ## - Added Entry Personal Name | |
| Added Entry Personal Name | Punia, Rajkala |
| 700 ## - Added Entry Personal Name | |
| Added Entry Personal Name | Sharma, J. K |
| 700 ## - Added Entry Personal Name | |
| Added Entry Personal Name | Niket |
| 942 ## - ADDED ENTRY ELEMENTS (KOHA) | |
| Koha item type | Books |
| Withdrawn status | Lost status | Source of classification or shelving scheme | Damaged status | Not for loan | Location (home branch) | Sublocation or collection (holding branch) | Shelving location | Date acquired | Koha issues (times borrowed) | Koha full call number | Accession No. | Koha date last seen | Koha item type |
|---|---|---|---|---|---|---|---|---|---|---|---|---|---|
| Dewey Decimal Classification | VIVEKANANDA LIBRARY | VIVEKANANDA LIBRARY | Vivekananda Library | 25/11/2024 | 510 J199E | 441306 | 25/11/2024 | Books | |||||
| Dewey Decimal Classification | VIVEKANANDA LIBRARY | VIVEKANANDA LIBRARY | Vivekananda Library | 25/11/2024 | 510 J199E | 441305 | 25/11/2024 | Books | |||||
| Dewey Decimal Classification | VIVEKANANDA LIBRARY | VIVEKANANDA LIBRARY | Vivekananda Library | 25/11/2024 | 510 J199E | 441302 | 25/11/2024 | Books | |||||
| Dewey Decimal Classification | VIVEKANANDA LIBRARY | VIVEKANANDA LIBRARY | Vivekananda Library | 25/11/2024 | 510 J199E | 441303 | 25/11/2024 | Books | |||||
| Dewey Decimal Classification | VIVEKANANDA LIBRARY | VIVEKANANDA LIBRARY | Vivekananda Library | 25/11/2024 | 510 J199E | 441304 | 25/11/2024 | Books |
